Responses for show #1872 - Tuesday, October 27, 1992

1992 Celebrity Jeopardy! game 2.

Contestants

[<< previous game]

Andrew Shue, an actor from television's hot new series Melrose Place

Emma Samms, an actress from Dynasty and General Hospital

Dean Stockwell, an actor from Quantum Leap

[next game >>]

Jeopardy! Round responses

BALLET
SPORTS
WORLD HISTORY
POP MUSIC
PHOTOGRAPHY
(Alex: And something you actors will appreciate...)
LET'S DO LUNCH
    $100 2
(Dean: What is New York?)

Paris

DeanAndrew
    $100 3
the Dream Team

Andrew
    $100 5
(Dean: Boy, we know this one, don't we.)
[The time expiry signal sounds.]
(Emma: We knew the stone.)
(Alex: You know the stone, [*] Stone, what is [*]?)

the Blarney

Triple Stumper
    $100 26
Milli Vanilli

Emma
    $100 1
the Brownie

Emma
    $100 21
pizza

Emma
    $200 7
Queen Elizabeth

Andrew
    $200 4
Asia

Dean
    $200 16
(Dean: Who is Montezuma?)
...
(Alex: I think when you started to form the "M" you were heading for [*], just a little slip there, Dean.)

Maximilian

Dean
Triple Stumper
    $200 22
Whitney Houston

Emma
    $200 9
Madonna

Emma
    $200 18
quiche

Dean
    $300 10
(Alex: No one's going to ring in to try for what is [*]?)

the Bolshoi

Triple Stumper
    $300 6
a mask

Emma
    $300 17
(Dean: The Franco-Prussian War?)
...
(Dean: Nice!)
[Laughter]

the Hundred Years' War

Dean
    $300 23
(Andrew: Ooh, good one!)

George Michael

Emma
    $300 13
Ansel Adams

Emma
    $300 19
(Alex: You've done a lot of lunch in your time!)

sushi

Dean
    $400 11
(Emma: What is Romeo & Juliet?)
(Dean: What is Midsummer's Dream?)

Taming of the Shrew

DeanEmma
Triple Stumper
    $400 8
(Emma: What is freestyle?)
...
(Dean: What is [*]?)
(Andrew: [Sighs])
[Laughter]

breaststroke

DeanEmma
    $400 29
(Andrew: What is the Franco-Prussian War?)
...
[The end-of-round signal sounds.]
(Dean: I lost on that one too.)
[Laughter]

the Crimean War

Andrew
Triple Stumper
    $400 24
(Alex: We have less than a minute to go.)

Olivia Newton-John

Emma
    $400 14
(Dean: What is an M-1?)
(Emma: What is Austria?)
...
(Alex: Andrew doesn't want to try it. Emma, you were so close, what is [*]?)

Germany

DeanEmma
Triple Stumper
    $400 20
burrito

Dean
    $500 12
(Dean: Ahhhh… lost it.)

Cinderella

DeanEmma
    $500 28
the palm of the hand

Dean
    $500 25
Eric Clapton

Dean
    $500 15
(Dean: [*], what is it?)
[Laughter]

single-lens reflex

Dean
    $500 27
potato chips

Emma

Scores at the first commercial break (after clue 12):

Dean Emma Andrew
-$400 $300 $400

Scores at the end of the Jeopardy! Round:

Dean Emma Andrew
$1,100 $1,800 $0

Double Jeopardy! Round responses

CLASSICAL COMPOSERS
ANATOMY
STATE CAPITALS
BUSINESS & INDUSTRY
"GREAT" FILMS
WORLD LITERATURE
    $200 2
(Andrew: Who is Mozart?)

Brahms

DeanAndrew
    $200 6
teeth

Emma
    $200 1
(Emma: What is Hawaii?)
(Alex: No, we're going for a city.)
...
(Emma: I meant to say that!)
(Alex: We know you did, but we have to be fair to the other players as well.)
(Emma: I know. [Smiles])

Honolulu

DeanEmma
    $200 16
Great Balls of Fire

Andrew
    $200 13
The Canterbury Tales

Emma
    $400 3
War and Peace

Triple Stumper
    $400 7
the retina

Andrew
    $400 8
(Alex: TNN, The [*] Network.)

Nashville

Triple Stumper
    $400 20
[The end-of round signal sounds.]

The Great Gatsby

Dean
    $400 19
Don Quixote

Andrew
    $600 4
Scheherazade

Triple Stumper
    $600 12
(Dean: What is the inner ear…[*]s!)

eardrum

Dean
    $600 9
Missouri

Andrew
    $600 18
Tolkien

Dean
    $800 5
Handel

Emma
    $800 14
the septum

Emma
    $800 10
Santa Fe

Dean
    $1000 11
Dvorák

Dean
    $1000 15
(Alex: We have about a minute left in the round.)

the knee

Dean
    $1000 17
Columbia

Triple Stumper

Scores at the end of the Double Jeopardy! Round:

Dean Emma Andrew
$5,900 $3,600 $1,400

[wagering suggestions for these scores]

Final Jeopardy! Round responses

WORD & PHRASE ORIGINS
AndrewWhat is half a loaf is bette
$700
EmmaWhat is Upper Crust?
$1,000
DeanWhat is upper crust?
$2,000
the upper crust

Final scores:

Dean Emma Andrew
$7,900 $4,600 $700
Winner: $10,000 to the Nuclear Information & Resource Service + the sum matched to the charity if the highest total for the week 2nd place: $10,000 to The Starlight Foundation 3rd place: $10,000 to Rock the Vote

Game dynamics:

Coryat scores:

Dean Emma Andrew
$6,200 $3,600 $1,400
16 R,
6 W
(including 1 DD)
15 R,
4 W
7 R,
2 W

Combined Coryat: $11,200

The J! Archive is created by fans, for fans. The Jeopardy! game show and all elements thereof, including but not limited to copyright and trademark thereto, are the property of Jeopardy Productions, Inc. and are protected under law. This website is not affiliated with, sponsored by, or operated by Jeopardy Productions, Inc. Join the discussion at JBoard.tv.